[Event "Moscow op-A 19th"]
[Site "Moscow"]
[Date "2023.07.17"]
[Round "1"]
[White "Rozum, Ivan"]
[Black "Ardasenov, Soslan"]
[Result "1-0"]
[WhiteElo "2511"]
[BlackElo "1893"]
[PlyCount "49"]
[EventDate "2023.07.17"]
[EventType "swiss"]
[EventRounds "9"]
[EventCountry "RUS"]
[SourceTitle "CBM 215 Extra"]
[Source "ChessBase"]
[SourceDate "2023.09.30"]
[SourceVersion "1"]
[SourceVersionDate "2023.09.30"]
[SourceQuality "1"]

1. c4 Nf6 2. Nc3 g6 3. Nf3 Bg7 4. g3 0-0 5. Bg2 d6 6. d4 Nc6 7. h3 e5 8. Be3 Nd7 9. 0-0 f5 10. dxe5 dxe5 11. Ng5 Nf6 12. Qxd8 Nxd8 13. Nb5 Bd7 14. Nxc7 Rc8 15. Nd5 Nc6 16. Rfd1 Rfd8 17. Nxf6+ Bxf6 18. Bd5+ Kg7 19. Nf7 f4 20. Nxd8 fxe3 21. Bxc6 exf2+ 22. Kxf2 Bxc6 23. Nxc6 Rxc6 24. Rd7+ Kh6 25. b3 1-0